[Event "Baku Chess Olympiad | Open"]
[Site "chess24.com"]
[Date "2016.09.12"]
[Round "10"]
[White "Anton Guijarro, David"]
[Black "Banikas, Hristos"]
[Result "1/2-1/2"]
[Board "3"]
[WhiteID "2285525"]
[WhiteElo "2630"]
[WhiteTitle "GM"]
[WhiteCountry "ESP"]
[WhiteFideId "2285525"]
[WhiteEloChange "-1"]
[BlackID "4202031"]
[BlackElo "2571"]
[BlackTitle "GM"]
[BlackCountry "GRE"]
[BlackFideId "4202031"]
[BlackEloChange "1"]

1. d4 {[%clk 1:30:56]} Nf6 {[%clk 1:30:50]} 2. c4 {[%clk 1:31:19]} g6 {[%clk
1:31:01]} 3. Nc3 {[%clk 1:31:27]} Bg7 {[%clk 1:31:23]} 4. e4 {[%clk 1:31:48]} d6
{[%clk 1:31:45]} 5. Nf3 {[%clk 1:31:58]} O-O {[%clk 1:32:06]} 6. h3 {[%clk
1:32:09]} e5 {[%clk 1:32:28]} 7. d5 {[%clk 1:32:34]} Nh5 {[%clk 1:32:48]} 8. a3
{[%clk 1:32:07]} Nd7 {[%clk 1:24:20]} 9. g3 {[%clk 1:21:29]} f5 {[%clk 1:02:24]}
10. exf5 {[%clk 1:18:46]} Nc5 {[%clk 1:02:50]} 11. Nh4 {[%clk 1:00:46]} Nf4
{[%clk 0:45:42]} 12. fxg6 {[%clk 0:59:41]} hxg6 {[%clk 0:40:47]} 13. Be3 {[%clk
0:54:54]} e4 {[%clk 0:41:09]} 14. Kd2 {[%clk 0:39:04]} Nfd3 {[%clk 0:37:48]} 15.
Bxd3 {[%clk 0:39:16]} Nxd3 {[%clk 0:38:14]} 16. Nxe4 {[%clk 0:34:07]} Nxb2 {[%clk
0:36:22]} 17. Qb3 {[%clk 0:31:09]} Qe8 {[%clk 0:32:06]} 18. Nc3 {[%clk 0:29:37]}
g5 {[%clk 0:31:14]} 19. Qxb2 {[%clk 0:28:40]} gxh4 {[%clk 0:31:40]} 20. Rag1
{[%clk 0:27:50]} Kh8 {[%clk 0:24:50]} 21. gxh4 {[%clk 0:27:44]} Qe5 {[%clk
0:24:48]} 22. Rg5 {[%clk 0:27:06]} Rf5 {[%clk 0:25:12]} 23. Rhg1 {[%clk 0:25:50]}
Rxg5 {[%clk 0:25:32]} 24. Rxg5 {[%clk 0:25:43]} Bf5 {[%clk 0:24:38]} 25. Rxg7
{[%clk 0:18:13]} Qxg7 {[%clk 0:23:33]} 26. Qxb7 {[%clk 0:18:36]} Re8 {[%clk
0:23:39]} 27. Qxa7 {[%clk 0:19:00]} Kh7 {[%clk 0:23:52]} 28. Qd4 {[%clk 0:18:42]}
Bxh3 {[%clk 0:14:41]} 29. Qxg7+ {[%clk 0:18:16]} Kxg7 {[%clk 0:15:08]} 30. Nb5
{[%clk 0:16:55]} Rc8 {[%clk 0:14:43]} 31. Kc3 {[%clk 0:15:31]} Kf8 {[%clk
0:14:59]} 32. a4 {[%clk 0:13:52]} Ke7 {[%clk 0:14:36]} 33. a5 {[%clk 0:14:07]}
Ra8 {[%clk 0:08:22]} 34. Kb4 {[%clk 0:14:20]} Kd7 {[%clk 0:08:36]} 35. h5 {[%clk
0:14:42]} c5+ {[%clk 0:07:07]} 36. dxc6+ {[%clk 0:14:59]} Kxc6 {[%clk 0:07:34]}
37. h6 {[%clk 0:15:08]} Kd7 {[%clk 0:07:48]} 38. Bd2 {[%clk 0:07:21]} Bf1 {[%clk
0:07:20]} 39. Bf4 {[%clk 0:05:12]} Rf8 {[%clk 0:06:40]} 40. Bxd6 {[%clk 0:33:18]}
Rf6 {[%clk 0:36:56]} 41. h7 {[%clk 0:29:17]} Rh6 {[%clk 0:37:19]} 42. a6 {[%clk
0:29:17]} Rxh7 {[%clk 0:34:15]} 43. a7 {[%clk 0:28:12]} Bg2 {[%clk 0:34:38]} 44.
c5 {[%clk 0:26:23]} Rh1 {[%clk 0:32:06]} 45. Nc3 {[%clk 0:19:13]} Ra1 {[%clk
0:31:02]} 46. Bb8 {[%clk 0:15:01]} Bc6 {[%clk 0:31:28]} 47. f4 {[%clk 0:14:51]}
Ke6 {[%clk 0:30:52]} 48. Kc4 {[%clk 0:14:33]} Rc1 {[%clk 0:26:01]} 49. Kb3 {[%clk
0:14:56]} Ra1 {[%clk 0:26:24]} 50. Kb4 {[%clk 0:15:14]} Kf5 {[%clk 0:25:38]} 51.
Ne2 {[%clk 0:14:19]} Ke4 {[%clk 0:25:42]} 52. f5 {[%clk 0:09:02]} Ra4+ {[%clk
0:23:56]} 53. Kc3 {[%clk 0:09:06]} Kxf5 {[%clk 0:23:39]} 54. Nd4+ {[%clk
0:09:17]} Rxd4 {[%clk 0:24:03]} 55. Kxd4 {[%clk 0:09:44]} Ke6 {[%clk 0:24:26]}
56. Kc4 {[%clk 0:09:47]} Kd7 {[%clk 0:24:45]} 57. Kb4 {[%clk 0:10:13]} Ba8 {[%clk
0:24:34]} 58. Kb5 {[%clk 0:10:28]} Bc6+ {[%clk 0:24:56]} 59. Kb6 {[%clk 0:10:51]}
Ba8 {[%clk 0:25:18]} 1/2-1/2

[Event "Baku Chess Olympiad | Open"]
[Site "chess24.com"]
[Date "2016.09.12"]
[Round "10"]
[White "Halkias, Stelios"]
[Black "Vazquez Igarza, Renier"]
[Result "1-0"]
[Board "4"]
[WhiteID "4201809"]
[WhiteElo "2565"]
[WhiteTitle "GM"]
[WhiteCountry "GRE"]
[WhiteFideId "4201809"]
[WhiteEloChange "5"]
[BlackID "3503054"]
[BlackElo "2580"]
[BlackTitle "GM"]
[BlackCountry "ESP"]
[BlackFideId "3503054"]
[BlackEloChange "-5"]

1. c4 {[%clk 1:30:47]} Nf6 {[%clk 1:30:39]} 2. Nc3 {[%clk 1:30:38]} c5 {[%clk
1:30:37]} 3. Nf3 {[%clk 1:30:21]} g6 {[%clk 1:29:58]} 4. e4 {[%clk 1:28:47]} Nc6
{[%clk 1:26:29]} 5. d4 {[%clk 1:28:03]} cxd4 {[%clk 1:26:54]} 6. Nxd4 {[%clk
1:28:25]} d6 {[%clk 1:27:21]} 7. Be2 {[%clk 1:28:31]} Nxd4 {[%clk 1:27:40]} 8.
Qxd4 {[%clk 1:28:50]} Bg7 {[%clk 1:28:07]} 9. O-O {[%clk 1:28:41]} O-O {[%clk
1:28:31]} 10. Qe3 {[%clk 1:28:22]} Be6 {[%clk 1:23:45]} 11. Bd2 {[%clk 1:28:03]}
Ng4 {[%clk 1:17:33]} 12. Bxg4 {[%clk 1:16:11]} Bxg4 {[%clk 1:17:56]} 13. Rac1
{[%clk 1:16:08]} a6 {[%clk 0:53:51]} 14. a4 {[%clk 0:48:19]} Bd7 {[%clk 0:50:44]}
15. b3 {[%clk 0:37:04]} Bc6 {[%clk 0:50:49]} 16. Nd5 {[%clk 0:27:11]} Bxd5 {[%clk
0:47:32]} 17. exd5 {[%clk 0:25:12]} Re8 {[%clk 0:47:37]} 18. Rfe1 {[%clk
0:25:24]} Qd7 {[%clk 0:44:36]} 19. Qb6 {[%clk 0:24:28]} Rac8 {[%clk 0:42:56]} 20.
h3 {[%clk 0:24:15]} Bb2 {[%clk 0:33:22]} 21. Rc2 {[%clk 0:18:27]} Bf6 {[%clk
0:26:32]} 22. Be3 {[%clk 0:14:46]} e6 {[%clk 0:18:59]} 23. Rd1 {[%clk 0:09:13]}
Bd8 {[%clk 0:05:12]} 24. dxe6 {[%clk 0:08:10]} Rxe6 {[%clk 0:05:36]} 25. Qa7
{[%clk 0:06:26]} Qc6 {[%clk 0:05:21]} 26. Rcd2 {[%clk 0:05:43]} Ba5 {[%clk
0:05:10]} 27. Rd5 {[%clk 0:05:13]} Bb4 {[%clk 0:05:13]} 28. Qb6 {[%clk 0:02:41]}
Qxb6 {[%clk 0:03:12]} 29. Bxb6 {[%clk 0:03:07]} Bc5 {[%clk 0:03:22]} 30. Bxc5
{[%clk 0:02:49]} dxc5 {[%clk 0:03:42]} 31. Rd7 {[%clk 0:01:11]} b5 {[%clk
0:02:47]} 32. R1d6 {[%clk 0:00:51]} Rxd6 {[%clk 0:01:41]} 33. Rxd6 {[%clk
0:01:11]} bxc4 {[%clk 0:02:03]} 34. bxc4 {[%clk 0:01:28]} Rb8 {[%clk 0:02:11]}
35. Kf1 {[%clk 0:00:32]} Rb4 {[%clk 0:01:59]} 36. Rxa6 {[%clk 0:00:51]} Rxc4
{[%clk 0:02:27]} 37. Ke2 {[%clk 0:00:48]} Kf8 {[%clk 0:02:02]} 38. Ra7 {[%clk
0:00:46]} Rd4 {[%clk 0:02:05]} 39. a5 {[%clk 0:00:43]} Ra4 {[%clk 0:00:55]} 40.
Kd3 {[%clk 0:30:35]} Kg7 {[%clk 0:31:22]} 41. a6 {[%clk 0:17:55]} Kf6 {[%clk
0:29:58]} 42. Ra8 {[%clk 0:12:47]} Ke6 {[%clk 0:24:15]} 43. Kc3 {[%clk 0:12:39]}
h5 {[%clk 0:10:01]} 44. Kb3 {[%clk 0:10:34]} Ra1 {[%clk 0:08:36]} 45. Kc4 {[%clk
0:10:02]} Ra5 {[%clk 0:08:37]} 46. g4 {[%clk 0:07:53]} hxg4 {[%clk 0:08:28]} 47.
hxg4 {[%clk 0:08:22]} Ke5 {[%clk 0:08:02]} 48. g5 {[%clk 0:05:06]} Ke6 {[%clk
0:05:48]} 49. Ra7 {[%clk 0:04:38]} Ke5 {[%clk 0:02:28]} 50. Re7+ {[%clk 0:04:50]}
Kf5 {[%clk 0:01:34]} 51. Rxf7+ {[%clk 0:05:09]} Kxg5 {[%clk 0:02:03]} 52. a7
{[%clk 0:05:29]} Kg4 {[%clk 0:02:16]} 53. Kd5 {[%clk 0:04:35]} 1-0

[Event "Baku Chess Olympiad | Open"]
[Site "chess24.com"]
[Date "2016.09.12"]
[Round "10"]
[White "Morovic Fernandez, Ivan"]
[Black "Cordova, Emilio"]
[Result "1/2-1/2"]
[Board "1"]
[WhiteID "3405400"]
[WhiteElo "2554"]
[WhiteTitle "GM"]
[WhiteCountry "CHI"]
[WhiteFideId "3405400"]
[WhiteEloChange "1"]
[BlackID "3801497"]
[BlackElo "2638"]
[BlackTitle "GM"]
[BlackCountry "PER"]
[BlackFideId "3801497"]
[BlackEloChange "-1"]

1. e4 {[%clk 1:30:45]} e6 {[%clk 1:30:09]} 2. d4 {[%clk 1:31:06]} d5 {[%clk
1:30:33]} 3. Nc3 {[%clk 1:30:34]} dxe4 {[%clk 1:26:19]} 4. Nxe4 {[%clk 1:30:37]}
Nd7 {[%clk 1:23:36]} 5. Nf3 {[%clk 1:30:43]} Ngf6 {[%clk 1:23:41]} 6. Bg5 {[%clk
1:29:20]} h6 {[%clk 1:23:31]} 7. Nxf6+ {[%clk 1:28:31]} Nxf6 {[%clk 1:23:53]} 8.
Bh4 {[%clk 1:20:02]} c5 {[%clk 1:19:56]} 9. Bb5+ {[%clk 1:19:22]} Bd7 {[%clk
1:20:16]} 10. Bxd7+ {[%clk 1:19:45]} Qxd7 {[%clk 1:20:40]} 11. Qe2 {[%clk
1:19:56]} Qd5 {[%clk 1:07:33]} 12. Bxf6 {[%clk 0:46:25]} gxf6 {[%clk 1:07:57]}
13. Qb5+ {[%clk 0:45:37]} Qd7 {[%clk 1:03:31]} 14. Qxd7+ {[%clk 0:45:17]} Kxd7
{[%clk 1:03:56]} 15. O-O-O {[%clk 0:45:39]} Kc7 {[%clk 1:04:01]} 16. d5 {[%clk
0:43:10]} Rg8 {[%clk 1:03:25]} 17. g3 {[%clk 0:42:30]} h5 {[%clk 1:02:54]} 18.
Rhe1 {[%clk 0:38:58]} Bh6+ {[%clk 1:02:06]} 19. Kb1 {[%clk 0:38:48]} Rad8 {[%clk
1:01:31]} 20. c4 {[%clk 0:29:50]} a6 {[%clk 1:00:47]} 21. Kc2 {[%clk 0:25:15]}
Rd6 {[%clk 0:55:27]} 22. h3 {[%clk 0:18:04]} Bg7 {[%clk 0:42:52]} 23. b3 {[%clk
0:12:23]} b5 {[%clk 0:41:24]} 24. Re4 {[%clk 0:06:06]} f5 {[%clk 0:30:29]} 25.
Rh4 {[%clk 0:05:41]} Bf6 {[%clk 0:27:16]} 26. Rxh5 {[%clk 0:05:37]} bxc4 {[%clk
0:27:33]} 27. bxc4 {[%clk 0:03:51]} Rb8 {[%clk 0:27:05]} 28. Rh7 {[%clk 0:02:55]}
Rb2+ {[%clk 0:24:42]} 29. Kc1 {[%clk 0:02:37]} Rxf2 {[%clk 0:24:37]} 30. Rxf7+
{[%clk 0:02:39]} Kd8 {[%clk 0:25:03]} 31. Rxf6 {[%clk 0:01:48]} Rxf3 {[%clk
0:25:28]} 32. Rxe6 {[%clk 0:01:32]} Rxe6 {[%clk 0:25:51]} 33. dxe6+ {[%clk
0:02:01]} Ke7 {[%clk 0:26:15]} 34. Rd5 {[%clk 0:01:06]} 1/2-1/2

[Event "Baku Chess Olympiad | Open"]
[Site "chess24.com"]
[Date "2016.09.12"]
[Round "10"]
[White "Cori, Jorge"]
[Black "Vasquez Schroeder, Rodrigo"]
[Result "*"]
[Board "2"]
[WhiteID "3802272"]
[WhiteElo "2609"]
[WhiteTitle "GM"]
[WhiteCountry "PER"]
[WhiteFideId "3802272"]
[BlackID "3400042"]
[BlackElo "2546"]
[BlackTitle "GM"]
[BlackCountry "CHI"]
[BlackFideId "3400042"]

1. d4 {[%clk 1:30:58]} d5 {[%clk 1:30:52]} 2. c4 {[%clk 1:31:20]} c6 {[%clk
1:31:18]} 3. e3 {[%clk 1:31:28]} Nf6 {[%clk 1:31:39]} 4. Nc3 {[%clk 1:31:52]} e6
{[%clk 1:32:01]} 5. Qc2 {[%clk 1:30:25]} a6 {[%clk 1:30:50]} 6. Nf3 {[%clk
1:25:16]} c5 {[%clk 1:29:22]} 7. cxd5 {[%clk 1:12:55]} exd5 {[%clk 1:29:33]} 8.
Be2 {[%clk 1:13:21]} cxd4 {[%clk 1:29:21]} 9. Nxd4 {[%clk 1:13:13]} Bd6 {[%clk
1:28:20]} 10. b3 {[%clk 1:10:53]} Nc6 {[%clk 1:26:22]} 11. Nxc6 {[%clk 1:10:56]}
bxc6 {[%clk 1:26:45]} 12. Bb2 {[%clk 0:58:55]} O-O {[%clk 1:27:02]} 13. O-O
{[%clk 0:59:14]} Ng4 {[%clk 1:01:19]} 14. Bxg4 {[%clk 0:45:27]} Bxg4 {[%clk
1:01:43]} 15. Na4 {[%clk 0:44:39]} Rc8 {[%clk 0:27:46]} 16. f3 {[%clk 0:37:15]}
Bh5 {[%clk 0:24:10]} 17. Nc5 {[%clk 0:37:39]} Qe7 {[%clk 0:23:21]} 18. Bd4 {[%clk
0:37:57]} Rfe8 {[%clk 0:23:16]} 19. Rac1 {[%clk 0:33:11]} Qc7 {[%clk 0:21:20]}
20. g4 {[%clk 0:30:48]} Bg6 {[%clk 0:21:45]} 21. Qb2 {[%clk 0:31:14]} f5 {[%clk
0:20:33]} 22. gxf5 {[%clk 0:24:47]} Bxf5 {[%clk 0:20:58]} 23. Nxa6 {[%clk
0:24:06]} Qe7 {[%clk 0:14:52]} 24. Nc5 {[%clk 0:24:01]} Rf8 {[%clk 0:13:18]} 25.
f4 {[%clk 0:17:01]} Rce8 {[%clk 0:07:55]} 26. Rf2 {[%clk 0:12:48]} Rf7 {[%clk
0:07:50]} 27. b4 {[%clk 0:12:32]} h6 {[%clk 0:07:36]} 28. Qe2 {[%clk 0:05:24]}
Kh7 {[%clk 0:07:44]} 29. Nd3 {[%clk 0:04:01]} g5 {[%clk 0:06:39]} 30. Ne5 {[%clk
0:04:20]} Bxe5 {[%clk 0:06:45]} 31. fxe5 {[%clk 0:03:20]} Qe6 {[%clk 0:04:36]}
32. Rcf1 {[%clk 0:02:09]} Rb8 {[%clk 0:03:44]} 33. Bc5 {[%clk 0:01:01]} Kg6
{[%clk 0:02:30]} 34. Bd6 {[%clk 0:00:59]} Rbb7 {[%clk 0:02:09]} 35. a4 {[%clk
0:01:06]} Kg7 {[%clk 0:00:55]} 36. a5 {[%clk 0:01:31]} Qg6 {[%clk 0:00:59]} *

[Event "Baku Chess Olympiad | Open"]
[Site "chess24.com"]
[Date "2016.09.12"]
[Round "10"]
[White "Henriquez Villagra, Cristobal"]
[Black "Vera Siguenas, Deivy"]
[Result "1/2-1/2"]
[Board "3"]
[WhiteID "3409350"]
[WhiteElo "2508"]
[WhiteTitle "IM"]
[WhiteCountry "CHI"]
[WhiteFideId "3409350"]
[BlackID "3804623"]
[BlackElo "2499"]
[BlackTitle "IM"]
[BlackCountry "PER"]
[BlackFideId "3804623"]

1. d4 {[%clk 1:30:57]} Nf6 {[%clk 1:30:55]} 2. c4 {[%clk 1:31:21]} g6 {[%clk
1:31:22]} 3. g3 {[%clk 1:31:39]} Bg7 {[%clk 1:31:48]} 4. Bg2 {[%clk 1:32:03]} O-O
{[%clk 1:32:13]} 5. Nc3 {[%clk 1:32:29]} d6 {[%clk 1:32:40]} 6. Nf3 {[%clk
1:32:46]} Bf5 {[%clk 1:32:52]} 7. Nh4 {[%clk 1:27:03]} Bc8 {[%clk 1:33:18]} 8. h3
{[%clk 1:21:06]} e5 {[%clk 1:28:49]} 9. dxe5 {[%clk 1:07:34]} dxe5 {[%clk
1:29:14]} 10. Bg5 {[%clk 1:07:13]} Qxd1+ {[%clk 1:14:06]} 11. Rxd1 {[%clk
1:07:37]} c6 {[%clk 1:14:09]} 12. Nf3 {[%clk 1:07:00]} Nbd7 {[%clk 1:02:19]} 13.
O-O {[%clk 1:06:55]} Re8 {[%clk 1:02:28]} 14. Be3 {[%clk 1:02:43]} Bf8 {[%clk
1:02:01]} 15. Ng5 {[%clk 0:59:19]} h6 {[%clk 0:23:09]} 16. Nge4 {[%clk 0:59:37]}
Re6 {[%clk 0:23:15]} 17. Nxf6+ {[%clk 0:47:30]} Nxf6 {[%clk 0:23:41]} 18. Rd3
{[%clk 0:47:20]} Re8 {[%clk 0:22:26]} 19. Rfd1 {[%clk 0:39:26]} Bf5 {[%clk
0:21:31]} 20. R3d2 {[%clk 0:39:41]} Kg7 {[%clk 0:20:55]} 21. c5 {[%clk 0:31:13]}
Be7 {[%clk 0:19:33]} 22. b4 {[%clk 0:31:38]} a6 {[%clk 0:20:00]} 23. Rb2 {[%clk
0:23:15]} Red8 {[%clk 0:19:29]} 24. Rc1 {[%clk 0:23:39]} Be6 {[%clk 0:17:25]} 25.
Na4 {[%clk 0:19:35]} Nd5 {[%clk 0:16:20]} 26. Bd2 {[%clk 0:19:57]} Rab8 {[%clk
0:10:15]} 27. e4 {[%clk 0:10:16]} Nc7 {[%clk 0:10:38]} 28. Nb6 {[%clk 0:08:59]}
Bg5 {[%clk 0:11:04]} 29. Rcc2 {[%clk 0:05:05]} Nb5 {[%clk 0:10:16]} 30. h4 {[%clk
0:04:13]} Bxd2 {[%clk 0:09:14]} 31. Rxd2 {[%clk 0:04:42]} g5 {[%clk 0:09:08]} 32.
hxg5 {[%clk 0:03:48]} hxg5 {[%clk 0:09:34]} 33. f3 {[%clk 0:04:14]} Nd4 {[%clk
0:08:56]} 34. Kf2 {[%clk 0:03:59]} Rh8 {[%clk 0:08:57]} 35. f4 {[%clk 0:04:09]}
f6 {[%clk 0:08:43]} 36. f5 {[%clk 0:04:02]} Bf7 {[%clk 0:09:01]} 37. Rd3 {[%clk
0:03:21]} Rbd8 {[%clk 0:08:36]} 38. Rbd2 {[%clk 0:02:51]} Kf8 {[%clk 0:08:59]}
39. Bf1 {[%clk 0:00:35]} Rh2+ {[%clk 0:09:02]} 40. Bg2 {[%clk 0:30:39]} Ke7
{[%clk 0:39:15]} 41. Kg1 {[%clk 0:23:38]} Rhh8 {[%clk 0:39:40]} 42. Kf2 {[%clk
0:23:59]} Rh2 {[%clk 0:30:40]} 1/2-1/2

[Event "Baku Chess Olympiad | Open"]
[Site "chess24.com"]
[Date "2016.09.12"]
[Round "10"]
[White "Cruz, Cristhian"]
[Black "Perez Gormaz, Matias"]
[Result "*"]
[Board "4"]
[WhiteID "3801969"]
[WhiteElo "2519"]
[WhiteTitle "GM"]
[WhiteCountry "PER"]
[WhiteFideId "3801969"]
[BlackID "3406342"]
[BlackElo "2444"]
[BlackTitle "FM"]
[BlackCountry "CHI"]
[BlackFideId "3406342"]

1. d4 {[%clk 1:30:53]} d5 {[%clk 1:30:45]} 2. c4 {[%clk 1:31:01]} e6 {[%clk
1:31:04]} 3. Nc3 {[%clk 1:31:15]} Be7 {[%clk 1:31:19]} 4. Nf3 {[%clk 1:31:24]}
Nf6 {[%clk 1:31:43]} 5. Bf4 {[%clk 1:29:42]} O-O {[%clk 1:32:00]} 6. e3 {[%clk
1:30:00]} b6 {[%clk 1:32:18]} 7. cxd5 {[%clk 1:28:28]} Nxd5 {[%clk 1:32:41]} 8.
Nxd5 {[%clk 1:24:48]} Qxd5 {[%clk 1:33:06]} 9. Bd3 {[%clk 1:24:12]} Qa5+ {[%clk
1:31:20]} 10. Nd2 {[%clk 1:05:31]} Ba6 {[%clk 1:31:36]} 11. Qc2 {[%clk 1:00:02]}
Nc6 {[%clk 1:11:18]} 12. Bxa6 {[%clk 0:49:16]} Nb4 {[%clk 1:09:48]} 13. Qc4
{[%clk 0:47:38]} Nxa6 {[%clk 1:06:29]} 14. Ke2 {[%clk 0:47:07]} Qh5+ {[%clk
1:04:48]} 15. f3 {[%clk 0:27:20]} Nb4 {[%clk 0:56:15]} 16. Bg3 {[%clk 0:26:27]}
Qg5 {[%clk 0:21:55]} 17. Ne4 {[%clk 0:16:31]} Qg6 {[%clk 0:22:21]} 18. Rac1
{[%clk 0:14:01]} h5 {[%clk 0:15:09]} 19. Qxc7 {[%clk 0:10:50]} Nd5 {[%clk
0:14:55]} 20. Qe5 {[%clk 0:10:55]} Rac8 {[%clk 0:11:43]} 21. Bf2 {[%clk 0:08:17]}
Rfd8 {[%clk 0:04:46]} 22. Qg3 {[%clk 0:07:11]} Qh6 {[%clk 0:04:11]} 23. h4 {[%clk
0:05:58]} f5 {[%clk 0:01:56]} 24. Ng5 {[%clk 0:04:57]} f4 {[%clk 0:01:42]} 25.
exf4 {[%clk 0:05:02]} Bd6 {[%clk 0:01:05]} 26. Be3 {[%clk 0:03:01]} Rxc1 {[%clk
0:00:31]} 27. Rxc1 {[%clk 0:02:40]} Qg6 {[%clk 0:00:33]} 28. Qh2 {[%clk 0:00:51]}
Rf8 {[%clk 0:00:49]} 29. g3 {[%clk 0:00:55]} Qe8 {[%clk 0:00:50]} 30. Rc4 {[%clk
0:00:39]} Qb5 {[%clk 0:00:50]} 31. b3 {[%clk 0:01:06]} Rc8 {[%clk 0:01:12]} 32.
Qh3 {[%clk 0:01:26]} Rxc4 {[%clk 0:00:49]} 33. Qxe6+ {[%clk 0:01:46]} Kh8 {[%clk
0:01:16]} 34. Nf7+ {[%clk 0:01:22]} Kh7 {[%clk 0:01:41]} 35. Ng5+ {[%clk
0:01:49]} Kh8 {[%clk 0:02:04]} 36. Nf7+ {[%clk 0:00:45]} Kh7 {[%clk 0:02:28]} 37.
Ng5+ {[%clk 0:00:58]} *

[Event "Baku Chess Olympiad | Open"]
[Site "chess24.com"]
[Date "2016.09.12"]
[Round "10"]
[White "Wang, Yue"]
[Black "Kovalev, Vladislav"]
[Result "1/2-1/2"]
[Board "1"]
[WhiteID "8601429"]
[WhiteElo "2737"]
[WhiteTitle "GM"]
[WhiteCountry "CHN"]
[WhiteFideId "8601429"]
[WhiteEloChange "-2"]
[BlackID "13504398"]
[BlackElo "2599"]
[BlackTitle "GM"]
[BlackCountry "BLR"]
[BlackFideId "13504398"]
[BlackEloChange "2"]

1. Nf3 {[%clk 1:30:54]} Nf6 {[%clk 1:30:46]} 2. c4 {[%clk 1:31:04]} g6 {[%clk
1:31:10]} 3. Nc3 {[%clk 1:31:27]} Bg7 {[%clk 1:31:36]} 4. d4 {[%clk 1:31:23]} O-O
{[%clk 1:31:59]} 5. e4 {[%clk 1:31:47]} d6 {[%clk 1:32:24]} 6. h3 {[%clk
1:31:28]} e5 {[%clk 1:22:06]} 7. d5 {[%clk 1:31:35]} c6 {[%clk 1:16:12]} 8. Be3
{[%clk 1:25:47]} Na6 {[%clk 1:11:03]} 9. g4 {[%clk 1:15:13]} Nc5 {[%clk 1:06:27]}
10. Nd2 {[%clk 1:15:24]} a5 {[%clk 1:06:27]} 11. Be2 {[%clk 1:15:29]} Bd7 {[%clk
1:04:03]} 12. h4 {[%clk 1:09:57]} a4 {[%clk 1:00:08]} 13. g5 {[%clk 1:04:57]} Ne8
{[%clk 0:54:51]} 14. h5 {[%clk 1:02:55]} Qa5 {[%clk 0:50:59]} 15. a3 {[%clk
1:00:33]} Nc7 {[%clk 0:47:56]} 16. Kf1 {[%clk 0:57:45]} Rfc8 {[%clk 0:43:03]} 17.
hxg6 {[%clk 0:47:02]} hxg6 {[%clk 0:43:21]} 18. Kg2 {[%clk 0:47:09]} cxd5 {[%clk
0:38:23]} 19. exd5 {[%clk 0:44:45]} Ne8 {[%clk 0:33:11]} 20. Nce4 {[%clk
0:38:07]} Nxe4 {[%clk 0:30:49]} 21. Nxe4 {[%clk 0:38:31]} b5 {[%clk 0:28:17]} 22.
c5 {[%clk 0:31:56]} Bf5 {[%clk 0:27:09]} 23. Ng3 {[%clk 0:25:10]} dxc5 {[%clk
0:26:23]} 24. Nxf5 {[%clk 0:22:18]} gxf5 {[%clk 0:26:51]} 25. d6 {[%clk 0:22:47]}
Rd8 {[%clk 0:23:40]} 26. d7 {[%clk 0:22:01]} Nc7 {[%clk 0:24:09]} 27. Qd6 {[%clk
0:21:30]} Ne6 {[%clk 0:18:12]} 28. g6 {[%clk 0:18:51]} Ra6 {[%clk 0:18:41]} 29.
Qe7 {[%clk 0:15:54]} fxg6 {[%clk 0:19:03]} 30. Rad1 {[%clk 0:12:18]} Rf8 {[%clk
0:14:53]} 31. Bh6 {[%clk 0:05:25]} Qd8 {[%clk 0:14:18]} 32. Qxd8 {[%clk 0:03:57]}
Rxd8 {[%clk 0:14:46]} 33. Bxb5 {[%clk 0:04:14]} Rb6 {[%clk 0:13:29]} 34. Bc4
{[%clk 0:04:03]} Bxh6 {[%clk 0:12:00]} 35. Bxe6+ {[%clk 0:03:00]} Rxe6 {[%clk
0:11:58]} 36. Rxh6 {[%clk 0:03:29]} Kg7 {[%clk 0:11:36]} 37. Rh3 {[%clk 0:03:32]}
e4 {[%clk 0:10:53]} 38. Rg3 {[%clk 0:03:48]} Kf6 {[%clk 0:09:28]} 39. Rd5 {[%clk
0:03:53]} Rc6 {[%clk 0:08:05]} 40. f3 {[%clk 0:33:04]} Rb6 {[%clk 0:34:56]} 41.
fxe4 {[%clk 0:32:30]} Rxb2+ {[%clk 0:33:19]} 42. Kf3 {[%clk 0:19:54]} Rb3+ {[%clk
0:27:36]} 43. Kf4 {[%clk 0:20:15]} Rxg3 {[%clk 0:27:33]} 44. Kxg3 {[%clk
0:20:39]} Ke6 {[%clk 0:24:43]} 45. Rxc5 {[%clk 0:19:21]} Rxd7 {[%clk 0:23:53]}
46. Rc4 {[%clk 0:18:15]} Rd3+ {[%clk 0:22:31]} 47. Kf4 {[%clk 0:18:37]} Rxa3
{[%clk 0:22:53]} 48. Rc6+ {[%clk 0:19:05]} Kf7 {[%clk 0:22:30]} 49. exf5 {[%clk
0:18:38]} gxf5 {[%clk 0:22:54]} 50. Kxf5 {[%clk 0:16:36]} Ra1 {[%clk 0:23:04]}
51. Rc7+ {[%clk 0:17:03]} Ke8 {[%clk 0:21:31]} 52. Ke6 {[%clk 0:17:30]} Kd8
{[%clk 0:16:51]} 53. Rc2 {[%clk 0:15:32]} a3 {[%clk 0:16:29]} 54. Kd5 {[%clk
0:15:57]} a2 {[%clk 0:16:53]} 55. Kc4 {[%clk 0:16:22]} Kd7 {[%clk 0:17:16]} 56.
Kb3 {[%clk 0:16:45]} Rd1 {[%clk 0:17:40]} 57. Rxa2 {[%clk 0:17:09]} 1/2-1/2

[Event "Baku Chess Olympiad | Open"]
[Site "chess24.com"]
[Date "2016.09.12"]
[Round "10"]
[White "Zhigalko, Andrey"]
[Black "Ding, Liren"]
[Result "1/2-1/2"]
[Board "2"]
[WhiteID "13502247"]
[WhiteElo "2591"]
[WhiteTitle "GM"]
[WhiteCountry "BLR"]
[WhiteFideId "13502247"]
[WhiteEloChange "2"]
[BlackID "8603677"]
[BlackElo "2753"]
[BlackTitle "GM"]
[BlackCountry "CHN"]
[BlackFideId "8603677"]
[BlackEloChange "-2"]

1. Nf3 {[%clk 1:30:57]} d5 {[%clk 1:30:21]} 2. g3 {[%clk 1:31:21]} g6 {[%clk
1:29:30]} 3. Bg2 {[%clk 1:31:44]} Bg7 {[%clk 1:29:56]} 4. O-O {[%clk 1:31:58]} e5
{[%clk 1:30:19]} 5. c4 {[%clk 1:32:16]} dxc4 {[%clk 1:27:40]} 6. Qa4+ {[%clk
1:32:28]} Nc6 {[%clk 1:23:08]} 7. Nxe5 {[%clk 1:32:49]} Bxe5 {[%clk 1:23:35]} 8.
Bxc6+ {[%clk 1:33:10]} bxc6 {[%clk 1:24:04]} 9. Qxc6+ {[%clk 1:33:31]} Bd7 {[%clk
1:24:32]} 10. Qe4 {[%clk 1:33:51]} f6 {[%clk 1:24:42]} 11. f4 {[%clk 1:34:16]}
Bf5 {[%clk 1:22:59]} 12. Qc6+ {[%clk 1:34:34]} Bd7 {[%clk 1:23:25]} 13. Qe4
{[%clk 1:34:56]} Bf5 {[%clk 1:23:52]} 14. Qe3 {[%clk 1:35:20]} Bh3 {[%clk
1:23:18]} 15. Rf3 {[%clk 1:34:56]} Ne7 {[%clk 1:14:27]} 16. fxe5 {[%clk 1:35:17]}
Nf5 {[%clk 1:14:55]} 17. Qa3 {[%clk 1:28:06]} Qd4+ {[%clk 1:05:22]} 18. Rf2
{[%clk 0:56:00]} fxe5 {[%clk 1:00:40]} 19. Qa4+ {[%clk 0:47:06]} Ke7 {[%clk
0:25:50]} 20. Nc3 {[%clk 0:12:23]} Raf8 {[%clk 0:14:06]} 21. d3 {[%clk 0:12:46]}
cxd3 {[%clk 0:14:10]} 22. Bg5+ {[%clk 0:13:10]} Ke6 {[%clk 0:14:17]} 23. Qb3+
{[%clk 0:11:06]} Kd7 {[%clk 0:14:43]} 24. Qb5+ {[%clk 0:11:24]} Kc8 {[%clk
0:14:36]} 25. Qa6+ {[%clk 0:11:24]} Kb8 {[%clk 0:13:44]} 26. Bf6 {[%clk 0:10:21]}
Rhg8 {[%clk 0:05:42]} 27. exd3 {[%clk 0:09:13]} Nh6 {[%clk 0:05:13]} 28. Qb5+
{[%clk 0:05:47]} Qb6 {[%clk 0:05:39]} 29. Bxe5 {[%clk 0:04:31]} Qxb5 {[%clk
0:04:23]} 30. Rxf8+ {[%clk 0:04:52]} Rxf8 {[%clk 0:04:32]} 31. Nxb5 {[%clk
0:05:18]} Ng4 {[%clk 0:04:57]} 32. Bxc7+ {[%clk 0:04:57]} Kb7 {[%clk 0:04:30]}
33. Bf4 {[%clk 0:01:07]} g5 {[%clk 0:04:57]} 34. Bxg5 {[%clk 0:01:03]} Rf2 {[%clk
0:05:01]} 35. Nd6+ {[%clk 0:01:21]} Kc6 {[%clk 0:00:40]} 36. Ne4 {[%clk 0:01:47]}
Rg2+ {[%clk 0:01:07]} 37. Kh1 {[%clk 0:02:00]} Rxh2+ {[%clk 0:01:33]} 38. Kg1
{[%clk 0:02:27]} Rg2+ {[%clk 0:01:58]} 39. Kh1 {[%clk 0:02:54]} Rh2+ {[%clk
0:01:59]} 40. Kg1 {[%clk 0:33:23]} Rg2+ {[%clk 0:32:23]} 41. Kh1 {[%clk 0:33:37]}
Rxb2 {[%clk 0:18:50]} 42. Rc1+ {[%clk 0:21:47]} Kd7 {[%clk 0:18:56]} 43. Nf6+
{[%clk 0:16:57]} Nxf6 {[%clk 0:19:17]} 44. Bxf6 {[%clk 0:17:22]} Rxa2 {[%clk
0:19:37]} 45. Ra1 {[%clk 0:17:43]} 1/2-1/2